000 00712nam a2200217Ia 4500
003 GCL
008 140319s9999 xx 000 0 ara d
040 _aGCL /
_cGCL
082 0 4 _a973.9
_bع ث
100 1 _aعبدالملك عوده
245 1 0 _aثورة الزنوج فى امريكا /
_cعبدالملك عوده
300 _a210 ص
490 _aكتاب الهلال
_v0
650 0 4 _aالولايات المتحدة الامريكية
650 0 4 _aالزنوج فى الولايات المتحدة
650 0 4 _aالتفرقة العنصرية
650 0 4 _aالزنوج
650 0 4 _aثورة الزنوج
650 0 4 _aالزنوج - الاحوال الاجتماعية
942 _2ddc
_cBK
999 _c50589
_d50589